ECO A1+A2 libro del alumno : (Record no. 288999)
[ view plain ]
| 000 -LEADER | |
|---|---|
| fixed length control field | 00544nam a22001577a 4500 |
| 003 - CONTROL NUMBER IDENTIFIER | |
| control field | LC |
| 005 - DATE AND TIME OF LATEST TRANSACTION | |
| control field | 20151202112356.0 |
| 008 - FIXED-LENGTH DATA ELEMENTS--GENERAL INFORMATION | |
| fixed length control field | 151202b xxu||||| |||| 00| 0 eng d |
| 020 ## - INTERNATIONAL STANDARD BOOK NUMBER | |
| International Standard Book Number | 9788477116592 |
| 050 ## - LIBRARY OF CONGRESS CALL NUMBER | |
| Classification number | PC 4117 .H556 2013 |
| 100 ## - MAIN ENTRY--PERSONAL NAME | |
| Personal name | Hermoso, Alfredo Gonzalez |
| 245 ## - TITLE STATEMENT | |
| Title | ECO A1+A2 libro del alumno : |
| Remainder of title | curso modular de espanol lengua extranjera |
| Statement of responsibility, etc | Alfredo Gonzalez Hermoso, Carlos Romero Duenas |
| 260 ## - PUBLICATION, DISTRIBUTION, ETC. (IMPRINT) | |
| Place of publication, distribution, etc | Madrid : Spain |
| Name of publisher, distributor, etc | Edelsa Grupo Didascalia, S.A |
| Date of publication, distribution, etc | 2013 |
| 300 ## - PHYSICAL DESCRIPTION | |
| Extent | 189 pages., |
| Other physical details | col.,ill.; |
| Dimensions | 27 cm. |
| 942 ## - ADDED ENTRY ELEMENTS (KOHA) | |
| Source of classification or shelving scheme | Library of Congress Classification |
| Koha item type | Books |
| Withdrawn status | Lost status | Source of classification or shelving scheme | Damaged status | Home library | Current library | Shelving location | Date acquired | Source of acquisition | Sub Shelving location | Total Checkouts | Full call number | Barcode | Date last seen | Price effective from | Koha item type |
|---|---|---|---|---|---|---|---|---|---|---|---|---|---|---|---|
| Library of Congress Classification | Luxembourg Library | Luxembourg Library | International Baccalaureate Section | 12/02/2015 | Library Fund | PC 4117 .H556 2013 | IB0216 | 08/23/2016 | 12/02/2015 | Books | |||||
| Library of Congress Classification | Luxembourg Library | Luxembourg Library | Teachers Reference Section | 12/02/2015 | Library Fund | TR IB PC 4117 .H556 2013 | IB0214 | 08/23/2016 | 12/02/2015 | Books |